T:llä alkavat Suomen kunnat - Statistics

Yleistilastot
  • Tätä visaa on pelattu 4 318 kertaa
  • Keskiarvotulos 11 / 16
Vastaustilastot
Maakunta Kunta % Oikein
Pirkanmaa Tampere
90%
Varsinais-Suomi Turku
88%
Lappi Tornio
84%
Uusimaa Tuusula
78%
Pohjois-Savo Tervo
74%
Pohjois-Pohjanmaa Taivalkoski
69%
Lappi Tervola
68%
Etelä-Karjala Taipalsaari
61%
Etelä-Pohjanmaa Teuva
61%
Pohjois-Karjala Tohmajärvi
61%
Pohjois-Pohjanmaa Tyrnävä
61%
Kanta-Häme Tammela
59%
Pohjois-Savo Tuusniemi
57%
Keski-Pohjanmaa Toholampi
56%
Varsinais-Suomi Taivassalo
55%
Keski-Suomi Toivakka
54%
Ehtoja vastaavia visoja ei löytynyt
Tulosjakauma
Jokaisen tuloksen saaneiden osuus
Persentiili vastausten määrän mukaan
Tuloshistoriasi
Et ole pelannut tätä visaa